Songs In Happier Than Ever In Alphabetical Order - Statistics

General Stats
  • This quiz has been taken 16 times
  • The average score is 13 of 16
Answer Stats
Songs % Correct
Billie Bossa Nova
100%
Happier Than Ever
100%
Getting Older
90%
GOLDWING
90%
Halley's Comet
90%
I Didn't Change My Number
90%
Therefore I Am
90%
Your Power
90%
Everybody Dies
80%
Lost Cause
70%
NDA
70%
OverHeated
70%
Oxytocin
70%
Male Fantasy
60%
my future
60%
Not My Responsibility
60%
No matching quizzes found
Score Distribution
Percent of People with Each Score
Percentile by Number Answered
Your Score History
You have not taken this quiz